| 000 | 01021cac a2200301 c 4500 | ||
|---|---|---|---|
| 003 | Co-PeBPM | ||
| 005 | 20260408120916.0 | ||
| 007 | ta | ||
| 008 | 161108s2009 ck a g 000 j spa d | ||
| 020 | _a9788496388970 | ||
| 040 | 0 |
_aCo-PeBPM _bspa _erda _cCo-PeBPM |
|
| 041 | _aspa | ||
| 082 | 0 | 4 |
_a(i) 833.91 Z45g _222 |
| 100 | 1 |
_aZimnik, Reiner, _eautor _914565 |
|
| 245 | 1 | 0 |
_aLa grúa _c/ Reiner Zimnik ; traducción Eva Almazán. |
| 250 | _aPrimera edición | ||
| 264 | 1 |
_aSevilla, España _b: Kalandraka _c, 2009 |
|
| 300 |
_a101 páginas _b: ilustraciones en blanco y negro _c; 24 centímetros |
||
| 500 | _aIncluye índice. | ||
| 534 | _tDer Kran | ||
| 650 | 1 | 7 |
_aAnimales en la literatura _2LEMB _917540 |
| 650 | 1 | 7 |
_aCuentos infantiles alemanes _2LEMB _92282 |
| 650 | 1 | 7 |
_aGrúas hidráulicas en la literatura _2LEMB _9100061 |
| 650 | 1 | 7 |
_aLiteratura infantil alemana _2LEMB _9320727 |
| 650 | 1 | 7 |
_aAventuras en la literatura _2LEMB _98911 |
| 700 | 1 | 0 |
_aAlmazán, Eva _etraducción _9100063 |
| 942 |
_2loc _cBK |
||
| 999 |
_c107313 _d107313 |
||